Top 50 Rap Albums of the 2000s - Statistics

General Stats
  • This quiz has been taken 48 times
  • The average score is 13 of 50
Answer Stats
# Artist Answer % Correct
17 Kanye West Graduation
93%
2 Kanye West The College Dropout
91%
4 Kanye West Late Registration
79%
50 Lil Wayne Tha Carter 3
77%
8 Jay-Z The Blueprint
70%
22 Eminem The Marshall Mathers LP
70%
6 Outkast Stankonia
67%
1 MF DOOM Madvillainy
60%
5 MF DOOM mm... FOOD
60%
40 Lil Wayne Tha Carter 2
58%
36 Eminem The Eminem Show
58%
28 Kid Cudi Man on the Moon
51%
3 J Dilla Donuts
47%
11 Jay-Z The Black Album
42%
10 Common Be
40%
32 Outkast Speakerbox / The Love Below
33%
46 Nas Stillmatic
30%
12 Ghostface Killah Supreme Clientele
23%
16 Lupe Fiasco Food & Liquor
19%
14 Clipse Hell Hath No Fury
19%
42 The Game The Documentary
19%
9 Viktor Vaughn / MF DOOM Vaudeville Villain
19%
35 M.I.A Kala
14%
44 Clipse Lord Willin'
14%
33 King Geedorah / MF DOOM Take Me To Your Leader
14%
7 Deltron 3030 Deltron 3030
12%
23 Lil Wayne Da Drought 3
9%
30 Ghostface Killah Fishscale
9%
24 Common Like Water for Chocolate
9%
43 Lupe Fiasco The Cool
9%
13 Blu & Exile Below the Heavens
7%
41 MF DOOM Born Like This
7%
29 Lil Wayne Dedication 2
7%
15 El-P Fantastic Damage
7%
21 The Roots Game Theory
7%
20 El-P I'll Sleep When You're Dead
7%
18 Aesop Rock Labor Days
7%
37 Raekwon Only Built 4 Cuban Linx 2
7%
19 Cannibal Ox The Cold Vein
7%
26 Mos Def The Ecstatic
7%
25 Quasimoto The Unseen
7%
49 T.I. Trap Muzik
7%
45 Lil B 6 Kiss
5%
31 M.I.A Arular
5%
48 The Roots Phrenology
5%
39 Aesop Rock None Shall Pass
2%
38 Talib Kweli Quality
2%
27 Madlib Shades of Blue
2%
34 Q-Tip The Renaiassance
0%
47 J Dilla The Shining
0%
No matching quizzes found
Score Distribution
Percent of People with Each Score
Percentile by Number Answered
Your Score History
You have not taken this quiz